[Event "V Floripa Chess Open 2019"]
[Site "Florianopolis/SC"]
[Date "2019.01.26"]
[Round "9.50"]
[White "Hopka, Matheus Marchesi"]
[Black "Santos Filho, Tadeu Sousa"]
[Result "0-1"]
[WhiteElo "1933"]
[BlackElo "2086"]
[PlyCount "120"]
[EventDate "2019.01.21"]
[EventRounds "10"]
[EventCountry "BRA"]

1. d4 d6 2. e4 Nf6 3. Nc3 g6 4. Be3 c6 5. f3 Nbd7 6. Bc4 e5 7. Nge2 b5 8. Bb3 a5 9. a4 b4 10. Nb1 Bg7 11. O-O O-O 12. Nd2 d5 13. dxe5 Nxe5 14. Bd4 Qc7 15. f4 Neg4 16. e5 Nd7 17. h3 Nh6 18. g4 Bb7 19. Ng3 c5 20. Bf2 Qc6 21. Nf3 d4 22. Be1 Nb6 23. Rf2 Rfe8 24. Qe2 Re7 25. Nd2 g5 26. fxg5 Rxe5 27. Nge4 Rxg5 28. Qf3 Re5 29. Bxf7+ Kh8 30. Nd6 Qxd6 31. Qxb7 Re7 32. Nc4 Rxb7 33. Nxd6 Rd7 34. Nc4 Rxf7 35. Nxb6 Re8 36. Bd2 Rxf2 37. Kxf2 Nf7 38. Re1 Ne5 39. Nc4 Rf8+ 40. Kg2 Nxc4 41. Bg5 Nxb2 42. Be7 Re8 43. Kf1 Rc8 44. h4 d3 45. cxd3 Nxd3 46. Rd1 c4 47. g5 Kg8 48. h5 b3 49. h6 b2 50. hxg7 Nc1 51. Bf6 b1=Q 52. Rd2 Nb3+ 53. Ke2 Re8+ 54. Be7 Rxe7+ 55. Kf2 Qe1+ 56. Kg2 Qxd2+ 57. Kg3 Re3+ 58. Kg4 Qf2 59. g6 Rg3+ 60. Kh5 Qh2# 0-1

[Event "V Floripa Chess Open 2019"]
[Site "Florianopolis/SC"]
[Date "2019.01.26"]
[Round "9.51"]
[White "Kikuchi Cadilhac, Mariana Sawae"]
[Black "Hataby, Raed"]
[Result "0-1"]
[WhiteElo "1610"]
[BlackElo "1948"]
[PlyCount "54"]
[EventDate "2019.01.21"]
[EventRounds "10"]
[EventCountry "BRA"]

1. e4 d6 2. d4 g6 3. Nc3 Bg7 4. g3 Nf6 5. Bg2 c6 6. Nge2 O-O 7. O-O e5 8. h3 Nh5 9. g4 Nf6 10. f4 exd4 11. Nxd4 Qb6 12. Na4 Qa5 13. c4 Re8 14. Nc3 Qc5 15. Kh1 Nxg4 16. hxg4 Qxd4 17. Qxd4 Bxd4 18. Bf3 Be6 19. Be2 f5 20. exf5 Bxf5 21. gxf5 Bxc3 22. Bd3 Bd4 23. fxg6 hxg6 24. Bxg6 Re2 25. Rb1 Nd7 26. b4 Kg7 27. Bf5 Rh8+ 0-1

[Event "V Floripa Chess Open 2019"]
[Site "Florianopolis/SC"]
[Date "2019.01.26"]
[Round "9.52"]
[White "Carvalho, Rafael Cunha De"]
[Black "Furmam, Fernando Gustavo"]
[Result "1/2-1/2"]
[WhiteElo "2071"]
[BlackElo "1910"]
[PlyCount "108"]
[EventDate "2019.01.21"]
[EventRounds "10"]
[EventCountry "BRA"]

1. d4 d5 2. c4 c6 3. Nf3 Nf6 4. Nc3 a6 5. cxd5 cxd5 6. g3 g6 7. Bg2 Bg7 8. O-O O-O 9. Ne5 Nc6 10. Nxc6 bxc6 11. Na4 Bf5 12. Bf4 Nh5 13. Be3 e5 14. Rc1 Rc8 15. dxe5 Bxe5 16. Bd4 Bxd4 17. Qxd4 Ng7 18. Nc5 Qa5 19. a3 Ne6 20. Nxe6 Bxe6 21. Rc5 Qb6 22. b4 Rfd8 23. Rfc1 Qa7 24. e3 Qa8 25. h4 h5 26. Bf1 Rc7 27. Qf6 Re8 28. Qc3 Rec8 29. Bd3 Bd7 30. Qf6 Be8 31. Be2 Ra7 32. g4 hxg4 33. Bxg4 Rd8 34. h5 gxh5 35. Bxh5 Qb8 36. Qg5+ Kf8 37. Be2 Rd6 38. Bd3 f6 39. Qf4 Qd8 40. Kf1 Qd7 41. Qh6+ Ke7 42. Qh7+ Kd8 43. Qxd7+ Bxd7 44. Ke2 Kc7 45. Rh1 Kb6 46. Rh8 a5 47. Rxa5 Rxa5 48. bxa5+ Kxa5 49. Kd2 c5 50. Rd8 Kb6 51. Rf8 Ka5 52. Ra8+ Kb6 53. Rf8 Ka5 54. Ra8+ Kb6 1/2-1/2

[Event "V Floripa Chess Open 2019"]
[Site "Florianopolis/SC"]
[Date "2019.01.26"]
[Round "9.53"]
[White "Juliano, Joao Carlos Mazzini"]
[Black "Souza, Iago Henrique Da Si"]
[Result "1-0"]
[WhiteElo "1924"]
[BlackElo "2060"]
[PlyCount "87"]
[EventDate "2019.01.21"]
[EventRounds "10"]
[EventCountry "BRA"]

1. d4 d5 2. Bf4 Nf6 3. e3 c5 4. c3 Nc6 5. Nd2 Qb6 6. Qb3 c4 7. Qxb6 axb6 8. a3 Bf5 9. Rc1 e6 10. Be2 Be7 11. Bd1 O-O 12. Bc2 Rac8 13. Bxf5 exf5 14. Bg5 h6 15. Bxf6 Bxf6 16. Ne2 Rfe8 17. O-O g6 18. Rfe1 Kg7 19. Nf4 Rcd8 20. Re2 Rd7 21. Rce1 Nd8 22. f3 Ne6 23. Nxe6+ fxe6 24. e4 Rde7 25. exd5 exd5 26. Rxe7+ Rxe7 27. Rxe7+ Bxe7 28. Kf2 Bg5 29. Ke2 b5 30. g3 Bxd2 31. Kxd2 f4 32. g4 g5 33. Kc2 h5 34. h3 hxg4 35. hxg4 Kf6 36. b3 Ke6 37. bxc4 bxc4 38. a4 Kd6 39. Kb2 Kc6 40. Ka3 Kc7 41. a5 Kd6 42. Ka4 Kc6 43. a6 Kc7 44. Kb5 1-0

[Event "V Floripa Chess Open 2019"]
[Site "Florianopolis/SC"]
[Date "2019.01.26"]
[Round "9.54"]
[White "Ermel, Francisco Roberto"]
[Black "Cabral, Denrick"]
[Result "1-0"]
[WhiteElo "2054"]
[BlackElo "1903"]
[PlyCount "93"]
[EventDate "2019.01.21"]
[EventRounds "10"]
[EventCountry "BRA"]

1. e4 c5 2. Nf3 d6 3. d4 cxd4 4. Nxd4 Nf6 5. Nc3 a6 6. Bg5 e5 7. Nb3 Be6 8. Qd2 Nbd7 9. O-O-O Be7 10. f4 b5 11. Qe3 h6 12. Bxf6 Bxf6 13. g3 Nb6 14. Na5 Qc7 15. Bxb5+ Ke7 16. Bc6 Rab8 17. Qd3 exf4 18. gxf4 Nc4 19. Nxc4 Qxc6 20. Qxd6+ Qxd6 21. Nxd6 Bxc3 22. bxc3 Bxa2 23. e5 g6 24. Rhe1 Rhd8 25. Re4 Be6 26. Rb4 a5 27. Ra4 Ra8 28. Kd2 Bd7 29. Ra3 a4 30. c4 f6 31. Ke3 fxe5 32. fxe5 Rf8 33. Rd2 Bc6 34. Kd4 Ra5 35. Re2 Ke6 36. Nb5 Rf4+ 37. Kc5 Bxb5 38. cxb5 Rf5 39. Kb4 Ra8 40. c4 Rxe5 41. Rxe5+ Kxe5 42. Rxa4 Rf8 43. Ra6 Kf5 44. c5 h5 45. b6 Ke6 46. b7+ Kd7 47. Ra8 1-0

[Event "V Floripa Chess Open 2019"]
[Site "Florianopolis/SC"]
[Date "2019.01.26"]
[Round "9.55"]
[White "Cordero, Daniela"]
[Black "Teshima, Ricardo Yoshida"]
[Result "0-1"]
[WhiteElo "2053"]
[BlackElo "1879"]
[PlyCount "130"]
[EventDate "2019.01.21"]
[EventRounds "10"]
[EventCountry "BRA"]

1. d4 Nf6 2. Nf3 e6 3. e3 b6 4. Bd3 Bb7 5. O-O Be7 6. c4 O-O 7. Nc3 d5 8. b3 c5 9. Bb2 Nc6 10. Rc1 Rc8 11. a3 cxd4 12. exd4 Re8 13. Re1 Bf8 14. Ne2 dxc4 15. bxc4 g6 16. Ng3 Bg7 17. h4 h5 18. Bb1 Ng4 19. Ne4 Na5 20. Ba2 Rc7 21. Ba1 Rd7 22. Qe2 Nc6 23. d5 exd5 24. cxd5 Nce5 25. Nfg5 Bxd5 26. f3 Nh6 27. f4 Neg4 28. Bxg7 Kxg7 29. Qb2+ Kg8 30. Bb1 Bxe4 31. Bxe4 Rd2 32. Qc3 Qd4+ 33. Qxd4 Rxd4 34. Rc7 Nf6 35. Nf3 Rdxe4 36. Rd1 Nhg4 37. f5 Nd5 38. Rxa7 Nde3 39. fxg6 fxg6 40. Rdd7 Nf5 41. g3 Re3 42. Nd4 Rxg3+ 43. Kf1 Rd3 44. Nxf5 Rxd7 45. Rxd7 gxf5 46. Rb7 Re3 47. Rxb6 Rxa3 48. Rb7 Re3 49. Rb5 Re4 50. Rb7 Re6 51. Kg2 Rf6 52. Kf3 Rf7 53. Rb6 Kg7 54. Kf4 Rf6 55. Rb7+ Kg6 56. Rb8 Nh6 57. Ra8 Rb6 58. Ke5 Nf7+ 59. Kd5 Rd6+ 60. Kc5 f4 61. Ra7 f3 62. Ra3 Rf6 63. Ra1 f2 64. Rf1 Rf4 65. Kd5 Kf5 0-1

[Event "V Floripa Chess Open 2019"]
[Site "Florianopolis/SC"]
[Date "2019.01.26"]
[Round "9.56"]
[White "Lukachewski Junior, Wanderlei"]
[Black "Dos Santos, Dwlyan Silva"]
[Result "1/2-1/2"]
[WhiteElo "2046"]
[BlackElo "1846"]
[PlyCount "45"]
[EventDate "2019.01.21"]
[EventRounds "10"]
[EventCountry "BRA"]

1. d4 d5 2. c4 e6 3. Nc3 Nf6 4. Nf3 Be7 5. Bg5 h6 6. Bxf6 Bxf6 7. cxd5 exd5 8. e3 O-O 9. Bd3 c5 10. dxc5 Bxc3+ 11. bxc3 Qa5 12. Qb3 Qxc5 13. O-O b6 14. Rac1 Bb7 15. Qb4 Na6 16. Qg4 Qe7 17. Qf5 g6 18. Qh3 h5 19. Rfd1 Nc5 20. Bb1 Rac8 21. c4 dxc4 22. Rxc4 Rfd8 23. Rcd4 1/2-1/2

[Event "V Floripa Chess Open 2019"]
[Site "Florianopolis/SC"]
[Date "2019.01.26"]
[Round "9.57"]
[White "Moreira, Ronaldo Alonso"]
[Black "Britez, G Jorge A"]
[Result "1-0"]
[WhiteElo "2043"]
[BlackElo "1812"]
[PlyCount "79"]
[EventDate "2019.01.21"]
[EventRounds "10"]
[EventCountry "BRA"]

1. d4 Nf6 2. Bg5 g6 3. Bxf6 exf6 4. c4 Bg7 5. Nc3 f5 6. g3 O-O 7. Bg2 d6 8. e3 c6 9. Nge2 Nd7 10. O-O Nf6 11. b4 Be6 12. Qd3 Rc8 13. Rfc1 d5 14. c5 a6 15. a4 Ra8 16. Rd1 Ne4 17. b5 axb5 18. axb5 Ra5 19. bxc6 bxc6 20. f3 Nxc3 21. Qxc3 Rxa1 22. Rxa1 Qc7 23. Qa5 Rc8 24. Qxc7 Rxc7 25. Ra8+ Bf8 26. Kf2 Kg7 27. Nf4 Be7 28. Bf1 g5 29. Nd3 Bf6 30. Nb4 f4 31. Ra6 Bd7 32. Rb6 fxe3+ 33. Kxe3 Bd8 34. Ba6 Ra7 35. Rb7 Rxb7 36. Bxb7 Ba5 37. Nxc6 Bxc6 38. Bxc6 Kf8 39. Bxd5 Ke7 40. Ke4 1-0

[Event "V Floripa Chess Open 2019"]
[Site "Florianopolis/SC"]
[Date "2019.01.26"]
[Round "9.58"]
[White "Almeida Junior, Alvaro Alves De"]
[Black "Melo, Gabrieli De"]
[Result "1-0"]
[WhiteElo "2039"]
[BlackElo "1755"]
[PlyCount "101"]
[EventDate "2019.01.21"]
[EventRounds "10"]
[EventCountry "BRA"]

1. e4 c5 2. Nf3 Nc6 3. d4 cxd4 4. Nxd4 Nf6 5. Nc3 d6 6. Bg5 e6 7. Qd2 Nxd4 8. Qxd4 Be7 9. O-O-O O-O 10. f4 Qa5 11. Kb1 Rd8 12. Qd2 h6 13. Bxf6 Bxf6 14. Nd5 Qxd2 15. Nxf6+ gxf6 16. Rxd2 b6 17. e5 d5 18. exf6 a5 19. Rd3 e5 20. fxe5 Re8 21. Rxd5 Bb7 22. Rd7 Bc6 23. Rc7 Rxe5 24. Bc4 Bd5 25. Rf1 Rae8 26. a3 Re1+ 27. Rxe1 Rxe1+ 28. Ka2 Bxc4+ 29. Rxc4 Re6 30. Rf4 Kh7 31. Kb3 Kg6 32. Rf2 h5 33. c4 Rc6 34. Kc3 b5 35. b3 a4 36. Rf4 axb3 37. Kxb3 bxc4+ 38. Kc3 Kg5 39. g3 Re6 40. Kb4 c3 41. Rc4 Kxf6 42. Rxc3 Kg5 43. Rc4 Rb6+ 44. Kc3 Rb1 45. a4 Rc1+ 46. Kb3 Rb1+ 47. Ka2 Rb8 48. h4+ Kf5 49. Rc5+ Kg6 50. Rg5+ Kh6 51. a5 1-0

[Event "V Floripa Chess Open 2019"]
[Site "Florianopolis/SC"]
[Date "2019.01.26"]
[Round "9.107"]
[White "Frankental, David"]
[Black "Frattini, Beatriz Maria"]
[Result "1-0"]
[WhiteElo "1886"]
[BlackElo "1638"]
[PlyCount "112"]
[EventDate "2019.01.21"]
[EventRounds "10"]
[EventCountry "BRA"]

1. d4 Nf6 2. c4 g6 3. Nc3 d5 4. cxd5 Nxd5 5. e4 Nxc3 6. bxc3 Bg7 7. Bc4 c5 8. Ne2 Nc6 9. Be3 cxd4 10. cxd4 O-O 11. O-O Na5 12. Bb3 Nxb3 13. axb3 b5 14. Qd2 Bb7 15. f3 a6 16. Rac1 Rc8 17. b4 Qd7 18. Rc5 Rfd8 19. Rfc1 e6 20. Rxc8 Rxc8 21. Rxc8+ Qxc8 22. d5 exd5 23. exd5 Qd7 24. d6 Bc8 25. Bc5 Qf5 26. Qe3 Bd7 27. Qe4 Qxe4 28. fxe4 f5 29. exf5 Bxf5 30. Nf4 Be5 31. Nd5 Kf7 32. Nc7 Bc8 33. h3 Kf6 34. Kf2 h5 35. h4 Kf5 36. Nd5 Ke6 37. Ne7 Bd7 38. Nxg6 Bxd6 39. Bxd6 Kxd6 40. Ke3 Be8 41. Nf4 Ke5 42. Nd3+ Kf5 43. g3 Kg4 44. Kf2 Bg6 45. Ne5+ Kf5 46. Nxg6 Kxg6 47. Ke3 Kf7 48. Kf4 Kf6 49. g4 hxg4 50. Kxg4 a5 51. bxa5 b4 52. a6 b3 53. a7 b2 54. a8=Q b1=Q 55. Qf8+ Ke6 56. Qg8+ Kf6 1-0

[Event "V Floripa Chess Open 2019"]
[Site "Florianopolis/SC"]
[Date "2019.01.26"]
[Round "9.108"]
[White "Bonvini, Adriana Tonhati"]
[Black "Bracht, Rainer"]
[Result "1/2-1/2"]
[WhiteElo "1636"]
[BlackElo "1878"]
[PlyCount "100"]
[EventDate "2019.01.21"]
[EventRounds "10"]
[EventCountry "BRA"]

1. e4 e5 2. Nf3 Nc6 3. Bc4 Bc5 4. c3 Nf6 5. d3 d6 6. h3 O-O 7. Bb3 h6 8. O-O a6 9. Nbd2 Ba7 10. Re1 Na5 11. Bc2 c5 12. Nf1 Nc6 13. Ng3 Re8 14. Nh2 Bd7 15. Qf3 Nh7 16. Nf5 Bxf5 17. exf5 Qh4 18. Be3 Rad8 19. g4 d5 20. Qg2 Qf6 21. Bd2 Re7 22. Rad1 Red7 23. Nf3 Ng5 24. Nxg5 hxg5 25. Re2 d4 26. c4 Rd6 27. Ba4 Bb8 28. Rde1 Bc7 29. Qe4 Rb8 30. h4 gxh4 31. g5 Qe7 32. Qxh4 b5 33. cxb5 axb5 34. Bb3 Rh6 35. Qg4 Rh8 36. g6 Qh4 37. Bxf7+ Kf8 38. Qxh4 Rxh4 39. Re4 Bd8 40. Rxh4 Bxh4 41. Bd5 Ne7 42. Rxe5 Bf6 43. Rxe7 Kxe7 44. b4 Kd6 45. Be6 Ra8 46. Kg2 Ra3 47. Bb3 Kc6 48. Kf3 c4 49. Bc1 cxb3 50. Bxa3 Kd5 1/2-1/2

[Event "V Floripa Chess Open 2019"]
[Site "Florianopolis/SC"]
[Date "2019.01.26"]
[Round "9.109"]
[White "Da Silva, Camila Evaristo"]
[Black "Resende, Lucas B. Massucato"]
[Result "1-0"]
[WhiteElo "1633"]
[BlackElo "1876"]
[PlyCount "112"]
[EventDate "2019.01.21"]
[EventRounds "10"]
[EventCountry "BRA"]

1. d4 e6 2. Nf3 f5 3. Bf4 Nf6 4. e3 d5 5. Nbd2 Bd6 6. Bxd6 Qxd6 7. Be2 Nbd7 8. c3 O-O 9. O-O c6 10. Qc2 b6 11. c4 Ne4 12. Rac1 Bb7 13. a3 Rf6 14. b4 Raf8 15. c5 Qb8 16. a4 Rh6 17. g3 Nxd2 18. Qxd2 e5 19. dxe5 Nxe5 20. Nh4 g5 21. Ng2 Ba6 22. b5 Bb7 23. cxb6 axb6 24. bxc6 Bxc6 25. f4 gxf4 26. exf4 Nf7 27. Qd4 Ba8 28. Rb1 Qd6 29. Ne3 Qf6 30. Qxf6 Rxf6 31. Rfd1 Re8 32. Kf2 Rfe6 33. Rb3 Bc6 34. Bb5 Bxb5 35. axb5 d4 36. Rxd4 Nd6 37. Rd5 Kf7 38. Nxf5 Ne4+ 39. Kf3 Kf6 40. Rbd3 Nc5 41. Re3 Ra8 42. Rxe6+ Nxe6 43. Ne3 Ra5 44. Nc4 Rxb5 45. Rxb5 Nd4+ 46. Kg4 Nxb5 47. Nxb6 Nc3 48. Nd7+ Ke7 49. Nc5 Kf6 50. Kf3 h5 51. h3 Nb5 52. g4 Nd4+ 53. Ke4 Ne2 54. g5+ Kg7 55. Ke3 Ng3 56. Kf2 Nf5 1-0

[Event "V Floripa Chess Open 2019"]
[Site "Florianopolis/SC"]
[Date "2019.01.26"]
[Round "9.110"]
[White "Cardozo, Matheus Santos"]
[Black "Santana Magalhaes, Amanda Borges"]
[Result "1-0"]
[WhiteElo "1869"]
[BlackElo "1636"]
[PlyCount "51"]
[EventDate "2019.01.21"]
[EventRounds "10"]
[EventCountry "BRA"]

1. d4 d5 2. c4 c6 3. Nf3 a6 4. cxd5 cxd5 5. Nc3 Nf6 6. Bg5 e6 7. e3 Bd6 8. Bd3 h6 9. Bh4 O-O 10. O-O Nbd7 11. Rc1 b5 12. Bb1 Bb7 13. Qd3 Qb8 14. Rfd1 b4 15. Na4 Ne4 16. Bg3 Bxg3 17. hxg3 a5 18. Qb5 Nef6 19. Nc5 Nxc5 20. Rxc5 Ne4 21. Bxe4 dxe4 22. Ne5 Bd5 23. Qa4 Qa7 24. Rdc1 f6 25. Rc7 Qa6 26. Qd7 1-0

[Event "V Floripa Chess Open 2019"]
[Site "Florianopolis/SC"]
[Date "2019.01.26"]
[Round "9.111"]
[White "Felix, Luiza De Oliveira"]
[Black "Silva, Fernando So Barros "]
[Result "1-0"]
[WhiteElo "1630"]
[BlackElo "1867"]
[PlyCount "91"]
[EventDate "2019.01.21"]
[EventRounds "10"]
[EventCountry "BRA"]

1. c4 Nf6 2. Nc3 c5 3. g3 d5 4. cxd5 Nxd5 5. Bg2 Nxc3 6. bxc3 Qc7 7. c4 Nc6 8. Bb2 e5 9. d3 Be7 10. e3 O-O 11. Ne2 Bg4 12. a3 Rad8 13. Qc2 Bxe2 14. Qxe2 Qa5+ 15. Qd2 Rxd3 16. Qxa5 Nxa5 17. Bf1 Rd6 18. Bxe5 Re6 19. Bc3 Bf6 20. Bxf6 Rxf6 21. Rb1 b6 22. Bd3 Rd6 23. Ke2 Re8 24. Rhd1 Rf6 25. f4 Rfe6 26. e4 f6 27. Kd2 Nc6 28. Kc3 Nd4 29. Re1 Kf8 30. g4 g6 31. Rh1 Rd6 32. h4 Kg7 33. Rh3 Red8 34. Rf1 h6 35. Re3 Nc6 36. Rg3 g5 37. hxg5 hxg5 38. fxg5 fxg5 39. Rf5 Rg6 40. Rd5 Rdd6 41. e5 Rxd5 42. cxd5 Nxe5 43. Bxg6 Kxg6 44. d6 Kf6 45. Rd3 Nd7 46. Kc4 1-0

[Event "V Floripa Chess Open 2019"]
[Site "Florianopolis/SC"]
[Date "2019.01.26"]
[Round "9.112"]
[White "Filho, Marcelo Adriano Nun"]
[Black "De Souza, Paulo H. Pinheiro"]
[Result "1-0"]
[WhiteElo "1866"]
[BlackElo "1619"]
[PlyCount "101"]
[EventDate "2019.01.21"]
[EventRounds "10"]
[EventCountry "BRA"]

1. e4 e5 2. Bc4 Nf6 3. d3 Nc6 4. Nf3 Be7 5. O-O O-O 6. c3 d6 7. h3 Na5 8. Bb5 h6 9. Re1 Nc6 10. d4 Bd7 11. Nbd2 Re8 12. Bxc6 Bxc6 13. dxe5 dxe5 14. Qc2 Bc5 15. b4 Bd6 16. Bb2 a5 17. a3 b5 18. Rad1 Qe7 19. Nb3 axb4 20. cxb4 Bd7 21. Nc5 Bc8 22. Re3 Nd7 23. Nxd7 Bxd7 24. Nxe5 Be6 25. Nc6 Qh4 26. e5 Bf8 27. Rd4 Qh5 28. Qd1 Qxd1+ 29. Rxd1 g6 30. f4 h5 31. Red3 Bh6 32. Bc1 Bf5 33. Rd5 Be4 34. Rc5 Bf5 35. Rxb5 Be4 36. Rc5 Bf8 37. Rc4 f5 38. Bb2 Re6 39. Nd4 Re7 40. Kf2 Bh6 41. g3 g5 42. Bc1 gxf4 43. gxf4 Re6 44. Ne2 Rg6 45. Ng3 Rg7 46. Nxe4 fxe4 47. Ke3 Rg3+ 48. Kxe4 Rg2 49. Rcd4 Re2+ 50. Kf5 Rf8+ 51. Ke6 1-0

[Event "V Floripa Chess Open 2019"]
[Site "Florianopolis/SC"]
[Date "2019.01.26"]
[Round "9.113"]
[White "Etchevest, Marcelo"]
[Black "Sato, Leticia Miho"]
[Result "1/2-1/2"]
[WhiteElo "1860"]
[BlackElo "1613"]
[PlyCount "68"]
[EventDate "2019.01.21"]
[EventRounds "10"]
[EventCountry "BRA"]

1. d4 d5 2. Nf3 Nf6 3. Bg5 Bf5 4. e3 e6 5. Nbd2 Bd6 6. Ne5 Nbd7 7. f4 h6 8. Bxf6 Nxf6 9. Be2 Ne4 10. O-O O-O 11. c4 dxc4 12. Ndxc4 Be7 13. Qb3 b6 14. Rfd1 Bd6 15. Bf3 Qe8 16. Rac1 Rc8 17. Nd2 Nxd2 18. Rxd2 Bxe5 19. fxe5 Qe7 20. Bc6 Qh4 21. Rf2 Rcd8 22. Rcf1 Qg5 23. Rf3 h5 24. h3 Kh8 25. a3 Kg8 26. Qc3 Qg6 27. Rf4 Bxh3 28. Be4 Qg5 29. Kh2 h4 30. Qc2 Bf5 31. Bxf5 exf5 32. Rxf5 Qxf5 33. Rxf5 c5 34. Rf4 Rd5 1/2-1/2

[Event "V Floripa Chess Open 2019"]
[Site "Florianopolis/SC"]
[Date "2019.01.26"]
[Round "9.114"]
[White "Leffeck, Mateus Bernal"]
[Black "Serafim Junior, Arnor"]
[Result "0-1"]
[WhiteElo "1604"]
[BlackElo "1857"]
[PlyCount "39"]
[EventDate "2019.01.21"]
[EventRounds "10"]
[EventCountry "BRA"]

1. d4 Nf6 2. Nf3 d6 3. c4 Nbd7 4. Nc3 e5 5. dxe5 dxe5 6. e4 Bc5 7. Be2 O-O 8. O-O c6 9. Bg5 h6 10. Bh4 Qc7 11. Qc2 Re8 12. h3 Nh5 13. Na4 Bf8 14. Nh2 Nf4 15. Ng4 a5 16. Nc3 Bb4 17. Nd1 Nf8 18. a3 N8e6 19. Nde3 Nd4 20. axb4 0-1

[Event "V Floripa Chess Open 2019"]
[Site "Florianopolis/SC"]
[Date "2019.01.26"]
[Round "9.115"]
[White "Lima, Vinicius Taishun"]
[Black "Valcarcel, Victor Ignacio Sant"]
[Result "1/2-1/2"]
[WhiteElo "1585"]
[BlackElo "1837"]
[PlyCount "94"]
[EventDate "2019.01.21"]
[EventRounds "10"]
[EventCountry "BRA"]

1. e4 e5 2. d4 exd4 3. Bc4 d6 4. Nf3 Bg4 5. O-O Nf6 6. Qd3 Bxf3 7. Qxf3 Nc6 8. Qe2 Be7 9. Nd2 O-O 10. Nf3 d5 11. exd5 Nxd5 12. Bxd5 Qxd5 13. Bf4 Bd6 14. Bxd6 Qxd6 15. Rfd1 Rad8 16. a3 Rfe8 17. Qb5 b6 18. Rd2 Re7 19. Rad1 Red7 20. Qa4 Qf6 21. Rd3 Ne5 22. Nxe5 Qxe5 23. Qxa7 Qb5 24. Rxd4 Qe2 25. g3 Rxd4 26. Rxd4 Qe7 27. Rxd8+ Qxd8 28. Qb7 g6 29. Qc6 Qe7 30. Qc3 Qd7 31. Qd3 Qe7 32. b4 c5 33. Qe3 Qd6 34. bxc5 Qd1+ 35. Kg2 Qd5+ 36. f3 bxc5 37. Qd3 Qa8 38. Qc3 Qa7 39. a4 Qxa4 40. Qxc5 Qa1 41. Qe3 Qd1 42. Qd3 Qb1 43. Qd8+ Kg7 44. Qd4+ Kg8 45. c4 Qc2+ 46. Kh3 Qf5+ 47. Kg2 Qc2+ 1/2-1/2

[Event "V Floripa Chess Open 2019"]
[Site "Florianopolis/SC"]
[Date "2019.01.26"]
[Round "9.116"]
[White "Pereira, Thales Oliveira"]
[Black "Parreira, Teodora Ribeiro"]
[Result "0-1"]
[WhiteElo "1836"]
[BlackElo "1593"]
[PlyCount "43"]
[EventDate "2019.01.21"]
[EventRounds "10"]
[EventCountry "BRA"]

1. e4 c5 2. c3 d5 3. exd5 Qxd5 4. d4 g6 5. Nf3 Bg7 6. Be3 cxd4 7. cxd4 Nf6 8. Nc3 Qd6 9. h3 Na6 10. Qd2 Nc7 11. Bh6 O-O 12. Bxg7 Kxg7 13. Be2 Ncd5 14. O-O Bf5 15. Nh4 Bd7 16. Rfd1 Rac8 17. Rac1 Bc6 18. Bf3 Rfd8 19. g3 Nb4 20. Qg5 Qd7 21. Bg4 Nxg4 22. Qe3 0-1

[Event "V Floripa Chess Open 2019"]
[Site "Florianopolis/SC"]
[Date "2019.01.26"]
[Round "9.117"]
[White "Menezes, Jose Eduardo Carnei"]
[Black "Zampronha, Vitor Luis"]
[Result "1-0"]
[WhiteElo "1827"]
[BlackElo "1593"]
[PlyCount "34"]
[EventDate "2019.01.21"]
[EventRounds "10"]
[EventCountry "BRA"]

1. e4 c5 2. Nf3 e6 3. g3 Nc6 4. Bg2 d5 5. exd5 exd5 6. O-O Nf6 7. Re1+ Be7 8. d4 O-O 9. c3 Bg4 10. h3 Bh5 11. g4 Bg6 12. Qb3 Qc7 13. Bg5 cxd4 14. Nxd4 Ne4 15. Bxe7 Nxe7 16. Na3 Rfd8 17. Rac1 Qd6 1-0

[Event "V Floripa Chess Open 2019"]
[Site "Florianopolis/SC"]
[Date "2019.01.26"]
[Round "9.118"]
[White "Goncalves, Mateus"]
[Black "De Freitas, Julio Eimard"]
[Result "0-1"]
[WhiteElo "1580"]
[BlackElo "1822"]
[PlyCount "68"]
[EventDate "2019.01.21"]
[EventRounds "10"]
[EventCountry "BRA"]

1. e4 c5 2. Nf3 d6 3. d4 cxd4 4. Nxd4 Nf6 5. Nc3 a6 6. h3 e5 7. Nde2 Be6 8. g4 h6 9. Bg2 Nbd7 10. Be3 b5 11. a3 Rc8 12. Qd2 Nb6 13. b3 Be7 14. Nd5 Bxd5 15. exd5 O-O 16. O-O-O Qc7 17. Bxb6 Qxb6 18. Ng3 Rfe8 19. Nf5 Bf8 20. g5 hxg5 21. Qxg5 Qxf2 22. Rd2 Qf4 23. h4 Rc7 24. Rf1 Qxg5 25. hxg5 Nh7 26. g6 fxg6 27. Nh4 Be7 28. Nxg6 Bg5 29. Bh3 Rf7 30. Be6 Rxe6 31. Rxf7 Kxf7 32. Nh8+ Kg8 33. dxe6 Kxh8 34. Kd1 Bxd2 0-1

[Event "V Floripa Chess Open 2019"]
[Site "Florianopolis/SC"]
[Date "2019.01.26"]
[Round "9.119"]
[White "Franca Junior, Jairo"]
[Black "Quaresma, Givanildo Ribeiro"]
[Result "1-0"]
[WhiteElo "1816"]
[BlackElo "1586"]
[PlyCount "70"]
[EventDate "2019.01.21"]
[EventRounds "10"]
[EventCountry "BRA"]

1. e4 Nc6 2. d4 e5 3. d5 Nce7 4. f4 Ng6 5. Nf3 exf4 6. Bd3 Bc5 7. Nc3 d6 8. Na4 Bb4+ 9. c3 Ba5 10. b4 Bb6 11. Nxb6 axb6 12. O-O Nf6 13. Nd4 Bg4 14. Qc2 Nh5 15. Be2 Bxe2 16. Qxe2 Qg5 17. Qb5+ Kd8 18. Qd3 Ne5 19. Qe2 Re8 20. g3 Nxg3 21. hxg3 Qxg3+ 22. Qg2 Qxc3 23. Nb3 f3 24. Qd2 Qxd2 25. Bxd2 Rg8 26. Bc3 Ke7 27. Bxe5 dxe5 28. Rxf3 f6 29. a4 g5 30. a5 bxa5 31. Nxa5 h5 32. Rc1 Rgc8 33. Nxb7 Rab8 34. Na5 Kf7 35. Nc6 Rb6 1-0

[Event "V Floripa Chess Open 2019"]
[Site "Florianopolis/SC"]
[Date "2019.01.26"]
[Round "9.120"]
[White "Jodorcovsky, Alejandro David"]
[Black "Jenidarchiche, Douglas Rodrigo"]
[Result "1-0"]
[WhiteElo "1577"]
[BlackElo "1816"]
[PlyCount "107"]
[EventDate "2019.01.21"]
[EventRounds "10"]
[EventCountry "BRA"]

1. e4 c5 2. Nc3 b6 3. f4 Bb7 4. Nf3 d6 5. g3 Nd7 6. Bg2 e6 7. O-O Ngf6 8. d3 Be7 9. h3 a6 10. g4 h6 11. Qe1 Qc7 12. f5 O-O-O 13. Bf4 e5 14. Be3 g6 15. Nd2 Rdg8 16. fxg6 Rxg6 17. Nd5 Qd8 18. Rf5 Nxd5 19. exd5 Qg8 20. Qf2 f6 21. c4 Kc7 22. a3 Bc8 23. b4 h5 24. Rxh5 Rxh5 25. gxh5 Rg3 26. Kh2 Rxe3 27. Qxe3 f5 28. Qg3 Bg5 29. Kh1 Qg7 30. Nf3 e4 31. Nxg5 Qxa1+ 32. Kh2 exd3 33. Ne6+ Kb7 34. bxc5 bxc5 35. Qxd3 Qf6 36. Qg3 Ne5 37. Qg7+ Qxg7 38. Nxg7 Nxc4 39. h6 Ne5 40. h7 Ng6 41. Ne8 Nh8 42. Nxd6+ Kc7 43. Nxc8 Kxc8 44. Bf1 a5 45. Kg3 Ng6 46. h4 Kd7 47. h5 Nh8 48. Kf4 Ke7 49. Kxf5 Kf8 50. d6 Nf7 51. Kf6 Ke8 52. d7+ Kxd7 53. Kxf7 Kd6 54. h8=Q 1-0

[Event "V Floripa Chess Open 2019"]
[Site "Florianopolis/SC"]
[Date "2019.01.26"]
[Round "9.121"]
[White "Ferreira, Rodrigo Maycon Mira"]
[Black "Monteiro, Daniel Zotelli"]
[Result "1-0"]
[WhiteElo "1813"]
[BlackElo "1567"]
[PlyCount "49"]
[EventDate "2019.01.21"]
[EventRounds "10"]
[EventCountry "BRA"]

1. e4 e5 2. f4 Nc6 3. Nf3 d6 4. Nc3 g6 5. Bb5 Bg7 6. O-O Nge7 7. d4 exd4 8. Nxd4 Bd7 9. Be3 O-O 10. Bc4 Kh8 11. Nf3 Bxc3 12. bxc3 Be6 13. Qe2 a6 14. Nd4 Qc8 15. f5 Bxc4 16. Qxc4 Ne5 17. Qe2 b5 18. Bh6 Re8 19. f6 N7c6 20. Bg7+ Kg8 21. Rf4 Nd8 22. Qf2 c5 23. Qh4 h5 24. Qg5 Ne6 25. Qh6 1-0

[Event "V Floripa Chess Open 2019"]
[Site "Florianopolis/SC"]
[Date "2019.01.26"]
[Round "9.122"]
[White "Nunes, Guilherme Sacardo T"]
[Black "Gomes, Carlos Henrique Cal"]
[Result "1-0"]
[WhiteElo "1572"]
[BlackElo "1783"]
[PlyCount "43"]
[EventDate "2019.01.21"]
[EventRounds "10"]
[EventCountry "BRA"]

1. e4 c6 2. Nf3 d5 3. exd5 cxd5 4. Ne5 Nf6 5. d4 Nc6 6. c3 a6 7. Bd3 g6 8. O-O Bg7 9. f4 Bf5 10. h3 h5 11. Qe2 Ne4 12. Bxe4 Bxe4 13. Nd2 Nxe5 14. fxe5 Bf5 15. Nf3 Qd7 16. Qf2 O-O-O 17. Bf4 f6 18. exf6 exf6 19. Bh2 Bf8 20. Nh4 Bd3 21. Qg3 Bd6 22. Qxd3 1-0